Fysický zeměpis

Salvato in:
Dettagli Bibliografici
Natura: Libro
Lingua:ceco
Pubblicazione: Praha Melantrich 1948
Tags: Aggiungi Tag
Nessun Tag, puoi essere il primo ad aggiungerne!!

MARC

LEADER 00000nam a2200000 4500
001 0269054
005 20240822101714.3
041 0 |a cze 
044 |a -CS 
245 1 0 |a Fysický zeměpis  |c František Vitásek 
264 1 |a Praha  |b Melantrich  |c 1948